Marcatori della Spagna ai Mondiali - Germania 2006 - Statistics

Statistiche generali
  • Questo quiz è stato fatto 7 volte
  • Il punteggio medio è 6 su 9
Statistiche sulle risposte
Partita Minuto Marcatore % Corretto
Spagna - Ucraina 4-0 17' David Villa
83%
Spagna - Ucraina 4-0 48' David Villa
83%
Spagna - Francia 1-3 28' David Villa
83%
Spagna - Ucraina 4-0 81' Fernando Torres
83%
Spagna - Tunisia 3-1 76' Fernando Torres
83%
Spagna - Tunisia 3-1 91' Fernando Torres
83%
Spagna - Tunisia 3-1 71' Raúl
83%
Spagna - Ucraina 4-0 13' Xabi Alonso
33%
Arabia Saudita - Spagna 0-1 36' Juanito
0%
Nessun quiz corrispondente trovato
Distribuzione punteggi
Percentuale di utenti per punteggio
Percentile per numero di risposta
I tuoi punteggi nel tempo
Non hai fatto questo quiz